La educación en este momento crucial
Gardado en:
| Autor Principal: | |
|---|---|
| Formato: | Libro |
| Idioma: | Lingua castelá |
| Publicado: |
Buenos Aires
Club de Lectores
1981
|
| Subjects: | |
| Tags: |
Engadir etiqueta
Sen Etiquetas, Sexa o primeiro en etiquetar este rexistro!
|
MARC
| LEADER | 00000nam a2200000 a 4500 | ||
|---|---|---|---|
| 001 | UCT8499 | ||
| 003 | CL-VaPUC | ||
| 008 | 970326e19810000AG |||||||||||||||||spa|d | ||
| 082 | 0 | 4 | |a 370.1 |b MAR |2 21 |
| 100 | |a Maritain, Jacques |e autor |9 255680 | ||
| 245 | 1 | 3 | |a La educación en este momento crucial |
| 300 | |a 172 p | ||
| 942 | |c BK | ||
| 945 | |d 19970326 00:00:00 |a rleighto | ||
| 260 | |a Buenos Aires |b Club de Lectores |c 1981 | ||
| 650 | 0 | |a Filosofía de la educación |9 258384 | |
| 650 | 0 | |a Universidades |9 256317 | |
| 650 | 7 | |a ESCUELAS PUBLICAS |2 CL-VaPUC |9 312134 | |
| 650 | 7 | |a SISTEMA EDUCACIONAL |2 CL-VaPUC |9 339433 | |
| 650 | 0 | |a Educación moral |9 308319 | |
| 583 | |a last modification |c 20170829 01:43:05 |k Rodrigo Vera | ||
| 999 | |c 256992 |d 256990 | ||
| 952 | |0 0 |1 0 |4 0 |6 370_100000000000000_MAR_1981 |7 0 |8 P |9 280196 |a BIBEDU |b BIBEDU |c BIBEDU_PB |d 2019-11-19 |i 3293890 |o 370.1 MAR 1981 |p 3293890 |r 2024-01-25 |w 2019-11-19 |y BK |k EDU | ||